00477pam a2200145 a 4500020000500000041000500005082001700010100001700027245005200044260003100096300000800127930000900135999001900144952016800163 c h a381.142bBUF aBuffam, W, J aE-Business And Its SolutionshTextual Documents aNew YorkbAddison - Wesley a255 a4621 c111451d111451 001040708GeneralaAKSbAKScAKS-MBA-CIR-Rack-49d2004-08-25eBook Spaceg260.00l2o381.142 BUFpAKS-M-05482r2026-04-06 00:00:00s2026-03-27t1w2023-03-01yBK